Famous Face Turns - Statistics

General Stats
  • This quiz has been taken 70 times
    21 since last reset
  • The average score is 16 of 21
Answer Stats
Scenario Year Wrestler % Correct
This wrestler's pipebomb would arguably move him from heel to tweener, but there's no denying that he leaned less into his "straight edge" heel persona and become more beloved by the fans after the famous promo 2011 CM Punk
100%
After reversing the Sister Abigail on Bray Wyatt and officially leaving the family, this wrestler perched on top of the cage as the crowd screamed YES! YES! YES! 2014 Daniel Bryan
100%
Before dividing the fanbase like no one ever has, this wrestler traded his rapping gimmick for the values of Hustle, Loyalty, and Respect and never looked back 2003 John Cena
100%
Following several months off, this former long time champion returned at Summerslam to firmly establish who the real "tribal chief" was. 2024 Roman Reigns
100%
In one of the more unusual ways to turn face, this once annoying undercard wrestler became a fan favorite by joining a dominant heel faction before eventually standing up for his friend Kevin Owens and turning on Roman Reigns 2023 Sami Zayn
100%
After losing to the Rock at Wrestlemania X8, this wrestler's nWo stablemates turned on him before he repelled them back with the help of The Rock 2002 Hulk Hogan
93%
This anti-hero's face turn was solidified at WrestleMania 13 when he refused to submit to Bret Hart's sharpshooter, despite bleeding profusely 1997 Stone Cold Steve Austin
93%
After being Mr. McMahon's mistress for months, this wrestler slapped the boss in the face at WrestleMania X-7 and chased Stephanie McMahon from ringside 2001 Trish Stratus
86%
This wrestler's thumbs up slowly turned into a thumbs down much to the displeasure of his Evolution stablemates 2005 Batista
79%
After a year spent as a "big time" heel, this wrestler stands tall with Bianca Belair after their match against the debuting Damage CTRL 2022 Becky Lynch
79%
The love of his woman won the crowd over at WrestleMania VII after being attacked post-match by Sheri Martell 1991 Macho Man Randy Savage
79%
The night after losing his world title to Steve Austin at WrestleMania XV, this wrestler was attacked by his running mates in the Corporation 1999 The Rock
79%
After a series of vignettes that made him more sympathetic, this wrestler got "screwed" by The Rock and Vince McMahon in an homage to the Montreal Screwjob that occured just a year prior 1998 Mankind
71%
This bad boy wrestler would gain sympathy after being attacked by bodyguard Sid 1995 Shawn Michaels
71%
This foreboding figure won over the fans for the first time by preventing Jake the Snake Roberts from attacking Miss Elizabeth 1992 The Undertaker
64%
After month's of being the Million Dollar Man's lackey, this wrestler finally had enough and gave Ted DiBiase his comeuppance. 1991 Virgil
57%
In his final WrestleMania appearance, this WWE legend manhandled Bobby Heenan and Haku, turning face for the first time since 1987. 1990 Andre the Giant
50%
On July 4th aboard the USS Intrepid, this former Narcissist became the all American #1 contender to Yokozuna's championship after body slamming him. 1993 Lex Luger
50%
Despite his cold blooded persona, this wrestler began a feud with the Honky Tonk Man and became adored by the fans. 1987 Jake the Snake Roberts
43%
He traded the hammer and sickle for the stars and stripes. The Cold War winding down was a big reason for this wrestler's first face turn after many years of being a hated heel. 1990 Nikolai Volkoff
43%
Returning after his loss at the first WrestleMania, this wrestler would enter a long feud with Adrian Adonis that propelled him into a mega-face for much of the rest of his career 1986 Rowdy Roddy Piper
43%
No matching quizzes found
Score Distribution
Percent of People with Each Score
Percentile by Number Answered
Your Score History
You have not taken this quiz since the last reset